000 00356nam a22001457a 4500
005 20250620143249.0
008 250620b |||||||| |||| 00| 0 eng d
020 _a9780340894668
_qpbk
082 _a823.912
_bBLY
100 _aBlyton Enid
245 _aFive Go To Mystery Moor
260 _aMainpel
_b hachette
_c1954
300 _a168
942 _cENGLISH
999 _c573117
_d573117